[Event "Jaffna op"]
[Site "Jaffna"]
[Date "2023.12.09"]
[Round "3"]
[White "Alahakoon, Isuru"]
[Black "Fernando, Mayon Dinuth Mindul"]
[Result "1-0"]
[WhiteElo "1877"]
[BlackElo "1142"]
[PlyCount "28"]
[EventDate "2023.12.08"]
[EventType "swiss"]
[EventRounds "10"]
[EventCountry "SRI"]
[SourceTitle "CBM 217 Extra"]
[Source "ChessBase"]
[SourceDate "2024.01.31"]
[SourceVersion "1"]
[SourceVersionDate "2024.01.31"]
[SourceQuality "1"]

1. g3 e5 2. Bg2 Nf6 3. c4 Bc5 4. Nc3 Bb6 5. e3 c5 6. Nf3 Nc6 7. 0-0 h6 8. d4 d6 9. dxe5 dxe5 10. Qd5 Qd7 11. Qxd7+ Nxd7 12. Nh4 Kf8 13. Bxc6 Ke7 14. a4 Rb8 1-0